000
00320nam a2200133Ia 4500
008
240624s9999 xx 000 0 und d
041
_a
eng
082
_a
823 CHO
100
_a
CHOPRA DEEPAK
245
_a
DAUGHTERS OF JOY
260
_c
2012
_a
Australia
_b
Hay House India
300
_a
237p. : cm. ; 22
365
_c
RS
_b
25
999
_c
19871
_d
19871